000 00259nam a2200109Ia 4500
008 230312s9999||||xx |||||||||||||| ||und||
082 _a621.382
_bNIS-P
100 _aNisha;K
245 0 _aPower System Operation and Control
650 _aEngineering
942 _cBK
999 _c9520
_d9520